<?xml version="1.0" encoding="UTF-8"?><?xml-stylesheet type="text/xsl" href="static/style.xsl"?><OAI-PMH xmlns="http://www.openarchives.org/OAI/2.0/" xmlns:xsi="http://www.w3.org/2001/XMLSchema-instance" xsi:schemaLocation="http://www.openarchives.org/OAI/2.0/ http://www.openarchives.org/OAI/2.0/OAI-PMH.xsd"><responseDate>2026-04-14T02:06:59Z</responseDate><request verb="GetRecord" identifier="oai:www.recercat.cat:20.500.14342/3972" metadataPrefix="marc">https://recercat.cat/oai/request</request><GetRecord><record><header><identifier>oai:recercat.cat:20.500.14342/3972</identifier><datestamp>2025-05-15T19:19:05Z</datestamp><setSpec>com_2072_482405</setSpec><setSpec>com_2072_183628</setSpec><setSpec>col_2072_482409</setSpec></header><metadata><record xmlns="http://www.loc.gov/MARC21/slim" xmlns:dcterms="http://purl.org/dc/terms/" xmlns:xsi="http://www.w3.org/2001/XMLSchema-instance" xmlns:doc="http://www.lyncode.com/xoai" xsi:schemaLocation="http://www.loc.gov/MARC21/slim http://www.loc.gov/standards/marcxml/schema/MARC21slim.xsd">
   <leader>00925njm 22002777a 4500</leader>
   <datafield ind2=" " ind1=" " tag="042">
      <subfield code="a">dc</subfield>
   </datafield>
   <datafield ind2=" " ind1=" " tag="720">
      <subfield code="a">Gutierrez-Coronado, Javier</subfield>
      <subfield code="e">author</subfield>
   </datafield>
   <datafield ind2=" " ind1=" " tag="720">
      <subfield code="a">López-Bueno, Laura</subfield>
      <subfield code="e">author</subfield>
   </datafield>
   <datafield ind2=" " ind1=" " tag="720">
      <subfield code="a">Cardero-Durán, MªAngeles</subfield>
      <subfield code="e">author</subfield>
   </datafield>
   <datafield ind2=" " ind1=" " tag="720">
      <subfield code="a">Albornoz-Cabello, Manuel</subfield>
      <subfield code="e">author</subfield>
   </datafield>
   <datafield ind2=" " ind1=" " tag="720">
      <subfield code="a">Toledo-Marhuenda, José Vicente</subfield>
      <subfield code="e">author</subfield>
   </datafield>
   <datafield ind2=" " ind1=" " tag="720">
      <subfield code="a">Hernández-Sánchez, Sergio</subfield>
      <subfield code="e">author</subfield>
   </datafield>
   <datafield ind2=" " ind1=" " tag="720">
      <subfield code="a">Dueñas, Lirios</subfield>
      <subfield code="e">author</subfield>
   </datafield>
   <datafield ind2=" " ind1=" " tag="720">
      <subfield code="a">Marques-Sule, Elena</subfield>
      <subfield code="e">author</subfield>
   </datafield>
   <datafield ind2=" " ind1=" " tag="720">
      <subfield code="a">Morral, Antoni</subfield>
      <subfield code="e">author</subfield>
   </datafield>
   <datafield ind2=" " ind1=" " tag="720">
      <subfield code="a">Espejo-Antúnez, Luis</subfield>
      <subfield code="e">author</subfield>
   </datafield>
   <datafield ind2=" " ind1=" " tag="260">
      <subfield code="c">2022-12</subfield>
   </datafield>
   <datafield ind2=" " ind1=" " tag="520">
      <subfield code="a">Background: Few previous studies have analyzed the effects of certain specific static and dynamic warm-up components on recreational sports players with a previous hamstring injury. Therefore, the aim of this study was to analyze changes in some modifiable and external risk factors after (immediately and in a follow-up assessment after 10 min) a static or dynamic warm-up program on recreational sports players with a previous hamstring injury. Methods: A total of 62 participants were randomized into 2 groups: static warm-up (SW) (n = 31) or dynamic warm-up (DW) (n = 31). Range of movement (RoM), perceived pain, the pressure–pain threshold, and joint position sense were assessed at baseline, immediately after the intervention and 10 min afterwards. The intervention for the SW (hot pack procedures in both hamstring muscles) lasted 20 min. The DW intervention consisted of a running exercise performed on a treadmill for 10 min. Results: Both groups showed statistically significant changes (p ≤ 0.05) in the primary outcomes (perceived pain and the pressure–pain threshold) at the three measurement times (this was also true for RoM for the SW group, with statistically significant differences only between times from the baseline to the 10-min follow-up; p ≤ 0.05, d = 0.23). The intra-group secondary outcome showed no statistically significant changes&#xd;
(p > 0.05) in both groups (except for the period from the baseline–immediately after in the DW group; p ≤ 0.05, d = 0.53). The comparison between groups showed no statistically significant differences for any of the variables analyzed. (p ≥ 0.05). Conclusion: The present findings suggest that both specific warm-up modalities seem to positively influence perceived pain on stretching and the pressure threshold; however, the significant reduction in the joint repositioning error and the larger effect sizes observed in the DW group suggest that this method has a greater beneficial impact in recreational sports players with clinical histories of hamstring injuries.</subfield>
   </datafield>
   <datafield ind1="8" ind2=" " tag="024">
      <subfield code="a">http://hdl.handle.net/20.500.14342/3972</subfield>
   </datafield>
   <datafield ind1="8" ind2=" " tag="024">
      <subfield code="a">https://doi.org/10.3390/ijerph20010744</subfield>
   </datafield>
   <datafield tag="653" ind2=" " ind1=" ">
      <subfield code="a">Escalfament estàtic</subfield>
   </datafield>
   <datafield tag="653" ind2=" " ind1=" ">
      <subfield code="a">Escalfament dinàmic</subfield>
   </datafield>
   <datafield tag="653" ind2=" " ind1=" ">
      <subfield code="a">Esports -- Lesions</subfield>
   </datafield>
   <datafield tag="653" ind2=" " ind1=" ">
      <subfield code="a">Cames -- Músculs -- Ferides i lesions</subfield>
   </datafield>
   <datafield tag="653" ind2=" " ind1=" ">
      <subfield code="a">Músculs isquiotibials -- Ferides i lesions</subfield>
   </datafield>
   <datafield ind2="0" ind1="0" tag="245">
      <subfield code="a">The Clinical benefits of a dynamic vs. static component as part of a comprehensive warm-up for recreational sports players with clinical histories of hamstring injuries: a randomized clinical trial</subfield>
   </datafield>
</record></metadata></record></GetRecord></OAI-PMH>